Language Quiz

Random Language or Letter Quiz

Misspelled Africa Blitz Quiz Stats

 Plays Quiz Updated Sep 23, 2018

Score 0/27 Timer 02:00
5 Plays Today
% Correct
Botswona
93.7%
Cameroom
91.6%
Barkina Faso
90.2%
Benen
89.8%
Gahna
88%
Democratic Republican Congo
86.2%
Libiya
86.2%
Central Africa of the Republic
85.1%
Malaw
84.3%
Republic of the Congans
84.2%
eSwatni
84.2%
Comaros
84%
Tanzainia
82.1%
Rawanda
81.4%
% Correct
Seycheles
78.9%
Zamibia
77.6%
Eritea
77%
Tunisa
76.9%
Sierra Leon
76.8%
São Tomá and Príncipe
73.6%
Mauritainia
73.4%
Cape Verdí
73.4%
Mauritus
73%
Djbouti
72.4%
Nambia
69.7%
Guinea-Bisseau
68.3%
Equitorial Guinea
55.2%

You're not logged in!

Compare scores with friends on all Sporcle quizzes.
OR
Log In

Show Comments

Extras

Top Quizzes Today


Score Distribution

Your Account Isn't Verified!

In order to create a playlist on Sporcle, you need to verify the email address you used during registration. Go to your Sporcle Settings to finish the process.

Report this User

Report this user for behavior that violates our Community Guidelines.

Details: